00367 2200157 4500001002100000005001500021008004100036020001800077035001900095082000800114090001400122100001300136245001600149260002500165300001900190INLIS00000000000799720241224113553241224||||||||| | ||| |||| ||  a979-96528-4-7 0010-12240079970 a811 a811 END k0 aAndri Vb00aKETIKA TIBA aBandungbMalkac2005 avii + 105 hlm.